Statistics for All Doctor Who UNIT Stories

Click here to take the quiz!

General Stats

  • This quiz has been taken 15 times
    (6 since last reset)
  • The average score is 22 of 40

Answer Stats

DoctorWhenAnswer% Correct
2nd Doctor1968The Invasion
100%
3rd Doctor1970(And) The Silurians
75%
3rd Doctor1971 (minor)Colony in Space
75%
3rd Doctor1970Inferno
75%
3rd Doctor1970Spearhead from Space
75%
3rd Doctor1971Terror of the Autons
75%
3rd Doctor1970The Ambassadors of Death
75%
3rd Doctor1971The Claws of Axos
75%
3rd Doctor1971The Dæmons
75%
3rd Doctor1973The Green Death
75%
3rd Doctor1972-1973The Three Doctors
75%
3rd Doctor1972The Time Monster
75%
3rd Doctor1973-1974 (minor)The Time Warrior
75%
7th Doctor1989Battlefield
50%
12th Doctor2014Dark Water/Death in Heaven
50%
3rd Doctor1972Day of the Daleks
50%
13th Doctor2021Flux: Survivors of the Flux
50%
3rd Doctor1974Invasion of the Dinosaurs
50%
10th Doctor2009Planet of the Dead
50%
3rd Doctor1974Planet of the Spiders
50%
13th Doctor2022Power of the Doctor
50%
4th Doctor1974-1975Robot
50%
4th Doctor1975Terror of the Zygons
50%
4th Doctor1975The Android Invasion
50%
10th Doctor2005The Christmas Invasion
50%
11th Doctor2013The Day of the Doctor
50%
10th Doctor2009-2010 (minor)The End of Time
50%
5th Doctor1983 (minor)The Five Doctors
50%
3rd Doctor1971The Mind of Evil
50%
11th Doctor2012The Power of Three
50%
10th Doctor2008The Sontaran Stratagem/The Poison Sky
50%
10th Doctor2008The Stolen Earth/Journey's End
50%
12th Doctor2015The Zygon Invasion/The Zygon Inversion
50%
9th Doctor2005 (minor)Aliens of London/World War Three
25%
11th Doctor2013 (minor)The Bells of Saint John
25%
12th Doctor2015 (minor)The Magician's Apprentice/The Witch's Familiar
25%
12th Doctor2016 (minor)The Return of Doctor Mysterio
25%
4th Doctor1976The Seeds of Doom
25%
10th Doctor2007 (minor)The Sound of Drums/Last of the Time Lords
25%
10th Doctor2008Turn Left
25%

Score Distribution

Percentile by Number Answered

Percent of People with Each Score

Your Score History

You have not taken this quiz since the last reset